| 000 | 006150000a22002170004500 | ||
|---|---|---|---|
| 001 | 12812 | ||
| 010 | _a972-20-2194-X | ||
| 100 | _a20050419d2002 em|y0pory5003 ba | ||
| 101 | 0 | _apor | |
| 102 | _aPT | ||
| 200 | 1 |
_aBichos _econtos _fMiguel Torga |
|
| 205 | _a20ยช ed | ||
| 210 |
_aLisboa _cDom Quixote _d2002 |
||
| 215 | _a120, [6] p | ||
| 675 |
_a821.134.3-34"19" _vBN _zpor |
||
| 700 | 1 |
_945558 _aTorga _bMiguel _cpseud. |
|
| 090 | _a12812 | ||
| 942 |
_cMON _n0 |
||
| 999 | _a12812 | ||